| 000 | 02387nam0a2200385 4500 | ||
|---|---|---|---|
| 001 | RU\NLR\BIBL_A\012739873 | ||
| 005 | 20220405143825.0 | ||
| 010 |
_a978-5-00140-834-5 _9150 |
||
| 021 |
_aRU _bКН-П-21-087303 _9КН-П-21-6955 |
||
| 035 | _a(NLR Aleph) 012739873 | ||
| 035 | _a(RuMoRGB)010918844 | ||
| 090 |
_a12998976 _c12998976 |
||
| 100 | _a20220324d2021 k y0rusy50 ca | ||
| 101 | 0 | _arus | |
| 102 | _aRU | ||
| 105 | _aabc|z|||000zy | ||
| 181 | 0 |
_ai2 _baxxe |
|
| 181 | 0 |
_ab2 _bxb2e |
|
| 182 | 0 | _an | |
| 200 | 1 |
_aГидрофильная флора и растительность водоёмов и водотоков Национального парка "Хвалынский" _eмонография _fО.В. Седова, М.В. Лаврентьев _gпод редакцией доктора биологических наук В.А. Болдырева, кандидата сельскохозяйственных наук В.А. Савинова _gМинистерство природных ресурсов и экологии Российской Федерации, Национальный парк "Хвалынский", Министерство науки и высшего образования Российской Федерации, ФГБОУ ВО "СГУ имени Н.Г. Чернышевского" |
|
| 203 |
_aТекст _aИзображение _bвизуальные _cнепосредственные |
||
| 210 |
_aСаратов _cАмирит _d2021 _eСаратов |
||
| 215 |
_a144, [1] с. _cил., цв. ил., портр., карты _d22 |
||
| 300 | _aНа 144-й с. авт.: Седова О.В., канд. биол. наук, доцент, Лаврентьев М.В., канд. биол. наук | ||
| 320 | _aБиблиогр.: с. 123-127 (53 назв.) | ||
| 601 | 0 | 2 |
_a"Хвалынский", национальный парк _92474801 _3RU\NLR\AUTH\661469551 |
| 606 | 1 |
_aВодные растения _yСаратовская область _92509454 _3RU\NLR\AUTH\6601702838 |
|
| 675 |
_a581.526.3(470.44) _v4 |
||
| 686 | 1 | _aБ12(2)"Хвалынский" | |
| 686 | 1 | _aЕ082.35(2Р354-4Са) | |
| 700 | 1 |
_aСедова _bО. В. _gОксана Владимировна |
|
| 701 | 1 |
_aЛаврентьев _bМ. В. _gМихаил Васильевич |
|
| 942 | _cBOOK | ||
| 980 | _aNB | ||